1691 1875 1024 1944 1196 1199 1950 1734 1517 1513 1883 1852 1646 1045 1119 1397 1170 1177 1838 1599 1146 1192 1372 1120 1354 1790 1584 1686 1140 1927 1202 1069 1595 1568 1368 1466 1966 1610 1585 1225 1363 1176 1657 1176 1593 1055 1426 1168 1372 1454 1904 1254 1579 1206 1594 1103 1446 1905 1141 1900 1184 1529 1080 1632 1435 1192 1005 1208 1311 1749 1846 1863 1132 1395 1848 1006 1250 1642 1234 1783 1359 1008 1423 1950 1630 1639 1551 1768 1267 1956 1457 1147 1498 1037 1062 1402 1796 1788 1626 BCNSPRNW ULIB Ver.6.0+V

เปลี่ยนเป็นภาษาไทย

Change to English
 แสดงรายละเอียดบรรณานุกรม
  กลับหน้าหลัก

Brief Record : Get Marc (ISO 2709) : E-mail record : QR code < ปิดหน้าต่าง
LEADER : 00000nam 2200000uu 4500
001    13399126822
003     ULIB
008    190314s2560||||th 000 0 tha d
020    ^a9786163143211^c260 บาท
060  4 ^aWY160^bอ51ก
100 0  ^aเอกอุมา อิ้มคำ.
245 10 ^aการพยาบาลสุขภาพจิตและจิตเวช : ^bการประยุกต์ใช้กรณีเลือกสรร/^cเอกอุมา อิ้มคำ
260    ^aกรุงเทพฯ :^bมหาวิทยาลัยธรรมศาสตร์,^c2560.
300    ^a372 หน้า :^bภาพประกอบ ;^c26 ซม หน้า.
505    ^aแนวคิดหลักในการพยาบาลสุขภาพจิตและจิตเวช -- การเก็บรวบรวมข้อมูล การประเมินสภาพจิตและการวิเคราะห์กลไกการเกิดโรคในผู้ที่มีปัญหาสุขภาพจิตและจิตเวช -- การพยาบาลผู้รับบริการที่มีปัญหาสมาธิสั้นการเผชิญปัญหาและการสื่อสาร -- การพยาบาลผู้รับบริการที่มีความผิดปกติด้านพฤติกรรมความคิดและการรับรู้.
541    ^aจัดซื้อ
650  4 ^aการพยาบาลจิตเวชศาสตร์.
650  4 ^aผู้ป่วยจิตเภท^xการดูแล.
650  4 ^aผู้ป่วยจิตเวช^xการดูแล.
945    ^p260^l0^i27374
945    ^p260^l0^i27375
945    ^p260^l0^i27376
945    ^p260^l0^i27373
999    ^aกัณชพร จุลอักษร
รายการนี้ยังไม่มีแท็ก
คุณยังไม่ได้ล็อกอิน คุณสามารถมีกิจกรรมร่วมกับเว็บไซต์ได้ แต่ต้องล็อกอินก่อน ::
  ล็อกอิน

รายการสื่อสารสนเทศ

ลำดับที่ ประเภท เลขเรียก/บาร์โค้ด สถานที่ สถานะ
1. หนังสือสำรอง
หนังสือสำรอง
WY160 อ51ก ฉ.1 
  Barcode: 27373
ห้องสมุดวิทยาเขตนครสวรรค์
►หนังสือทั่วไป:l:General Books
บนชั้น
2. วิทยาศาสตร์การแพทย์ และสุขภาพ
วิทยาศาสตร์การแพทย์ และสุขภาพ
WY160 อ51ก ฉ.2 
  Barcode: 27374
ห้องสมุดวิทยาเขตนครสวรรค์
►หนังสือทั่วไป:l:General Books
บนชั้น
3. วิทยาศาสตร์การแพทย์ และสุขภาพ
วิทยาศาสตร์การแพทย์ และสุขภาพ
WY160 อ51ก ฉ.3 
  Barcode: 27375
ห้องสมุดวิทยาเขตนครสวรรค์
►หนังสือทั่วไป:l:General Books
บนชั้น
4. วิทยาศาสตร์การแพทย์ และสุขภาพ
วิทยาศาสตร์การแพทย์ และสุขภาพ
WY160 อ51ก ฉ.4 
  Barcode: 27376
ห้องสมุดวิทยาเขตนครสวรรค์
►หนังสือทั่วไป:l:General Books
บนชั้น

รายการใกล้เคียง
    ผู้แต่ง [เอกอุมา อิ้มคำ.]

    หัวเรื่อง [การพยาบาลจิตเวชศาสตร์.]
    หัวเรื่อง [ผู้ป่วยจิตเวช การดูแล.]

BibComment


ยังไม่เคยถูกคอมเมนท์

คอมเมนท์ทรัพยากรรายการนี้
  คอมเมนท์: การพยาบาลสุขภาพจ..


 Copyright 2026. Bcnsprnw @Library